00422nam a2200157Ia 450000500170000000800410001708200210005824500700007926000170014930000170016665000100018365000170019365000130021065000200022370000210024320250320070237.0240331s9999 xx 000 0 und d bFRE24001a362.8 0aFreedom from Violence :bWomen's Strategies from Around the World bUNIFEMc1992 axvi, 354 p., aWomen aHuman Rights aEquality aGender Violence aSchuler, M.eedt